Ceremonias /
Guardado en:
| Autor Principal: | |
|---|---|
| Formato: | Libro |
| Publicado: |
Madird :
Planeta,
2000
|
| Series: | Biblioteca La Nación
|
| Materias: | |
| Etiquetas: |
Agregar Etiqueta
Sin Etiquetas, Sea el primero en etiquetar este registro!
|
| LEADER | 00603nam a22002175a 4500 | ||
|---|---|---|---|
| 001 | CEM.cems013974 | ||
| 005 | 20130605160954.0 | ||
| 008 | 130507s2000##################000#0#####d | ||
| 003 | CEMS | ||
| 020 | |a 8432296031 | ||
| 082 | 0 | 4 | |a A868.4 |
| 100 | 1 | |a Cortázar, Julio | |
| 245 | 1 | 0 | |a Ceremonias / |c Julio Cortázar |
| 260 | |a Madird : |b Planeta, |c 2000 | ||
| 300 | |a 295 p. | ||
| 490 | 0 | |a Biblioteca La Nación | |
| 505 | 0 | |a Final del juego -- Las armas secretas | |
| 653 | |a Literatura | ||
| 653 | |a Literatura argentina | ||
| 653 | |a Relatos | ||
| 859 | |a CEMS |b BIB. CEMS - 11 de abril |h A868.4 |i C891-2 |p 26662.13 |t Ej.1 | ||
